Getting your just desserts? (Record no. 66681)

MARC details
000 -LEADER
fixed length control field 00818cam a2200193 4500
001 - CONTROL NUMBER
control field ABS63761
008 - FIXED-LENGTH DATA ELEMENTS--GENERAL INFORMATION
fixed length control field 000000n2001 000 0 eng u
035 ## - SYSTEM CONTROL NUMBER
System control number (Sirsi) u111886
100 ## - MAIN ENTRY--PERSONAL NAME
Personal name Seidl, A.
245 ## - TITLE STATEMENT
Title Getting your just desserts?
260 ## - PUBLICATION, DISTRIBUTION, ETC.
Date of publication, distribution, etc. 2001
490 ## - SERIES STATEMENT
Series statement Estates Gazette
Volume/sequential designation (0113) 31 March 2001, 65-69(5)
520 ## - SUMMARY, ETC.
Summary, etc. Provides details of the 2001 EG/PSD Salary and Benefits Survey. Findings are based on a sample of 1001 questionnaire responses. Graphs and tables. A full report of the survey will be available from April 2001 (Telephone Estates Gazette on: 0207 411 2636, or PSD on: 0207 970 9700).
590 ## - LOCAL NOTE (RLIN)
Local note ABS
650 ## - SUBJECT ADDED ENTRY--TOPICAL TERM
Topical term or geographic name entry element SALARY SURVEYS
650 ## - SUBJECT ADDED ENTRY--TOPICAL TERM
Topical term or geographic name entry element ESTATES GAZETTE/PSD SALARY AND BENEFITS SURVEY
690 ## - LOCAL SUBJECT ADDED ENTRY--TOPICAL TERM (OCLC, RLIN)
Topical term or geographic name as entry element MANAGEMENT-BUSINESS MANAGEMENT-PROFESSIONAL PRACTICE
942 ## - ADDED ENTRY ELEMENTS (KOHA)
Suppress in OPAC 0
Holdings
Withdrawn status Lost status Source of classification or shelving scheme Damaged status Not for loan Home library Current library Shelving location Date acquired Total Checkouts Full call number Barcode Date last seen Copy number Price effective from Koha item type
    Dewey Decimal Classification     London London Journal article 05/04/2001   ABS63761 111886-1001 06/08/2019 1 06/08/2019 Journal article